01510nam a2200349Ia 4500001001200000003000800012006001900020007001500039008004100054010001700095020001500112020001800127040002100145035002100166050002400187082001900211100001900230245023000249250001200479260004600491300001600537504006600553533015200619650004600771650004600817650004800863650004900911650002800960655002900988710001701017856012601034ebr10448411CaPaEBRm u cr cn|||||||||060411s2006 mau sb 001 0 eng d z 2006012193 z1931930260 z9781931930260 aCaPaEBRcCaPaEBR a(OCoLC)12355212614aHV2402b.M56 2006eb04a419/.708022221 aMindess, Anna.10aReading between the signsh[electronic resource] :bintercultural communication for sign language interpreters /cAnna Mindess with Thomas K. Holcomb, Daniel Langholtz, and Priscilla Moyers ; foreword by Sharon Neumann Solow. a2nd ed. aBoston, MA :bIntercultural Press,c2006. axvi, 296 p. aIncludes bibliographical references (p. [278]-286) and index. aElectronic reproduction.bPalo Alto, Calif. :cebrary,d2011.nAvailable via World Wide Web.nAccess may be limited to ebrary affiliated libraries. 0aInterpreters for the deafzUnited States. 0aCommunication and culturezUnited States. 0aIntercultural communicationzUnited States. 0aDeafxMeans of communicationzUnited States. 0aAmerican Sign Language. 7aElectronic books.2local2 aebrary, Inc.40uhttp://site.ebrary.com/lib/rucke/Doc?id=10448411zAn electronic book accessible through the World Wide Web; click to view